000 00304nam a2200133 i 4500
001 bg
100 1 _aKOSTIAKOW, A. N.
245 0 _aPodstawy melioracji /
_cA. N. Kostjakow.
260 _aWarszawa,
_c1965.
040 _cBPK
041 _apol
942 _cKS
008 s pl f |000 0 pol
999 _c16535
_d16535
856 _uhttp://koha.tu.koszalin.pl/cgi-bin/koha/opac-detail.pl?biblionumber=16535
_yKatalog online BPK